<?xml version="1.0" encoding="UTF-8"?>
<record
    xmlns:xsi="http://www.w3.org/2001/XMLSchema-instance"
    xsi:schemaLocation="http://www.loc.gov/MARC21/slim http://www.loc.gov/standards/marcxml/schema/MARC21slim.xsd"
    xmlns="http://www.loc.gov/MARC21/slim">

  <leader>01656cam a22004573a 4500</leader>
  <controlfield tag="001">0000727</controlfield>
  <controlfield tag="003">DO-SdBNP</controlfield>
  <controlfield tag="005">20170906101422.0</controlfield>
  <controlfield tag="007">0000727</controlfield>
  <controlfield tag="008">861112   2007 ck a         000 0 spa d</controlfield>
  <datafield tag="010" ind1=" " ind2=" ">
    <subfield code="a"> </subfield>
  </datafield>
  <datafield tag="020" ind1=" " ind2=" ">
    <subfield code="a">9586773302 (obra completa)</subfield>
  </datafield>
  <datafield tag="020" ind1=" " ind2=" ">
    <subfield code="a">9586773310 (v. 1)</subfield>
  </datafield>
  <datafield tag="020" ind1=" " ind2=" ">
    <subfield code="a">9586773329 (v. 2)</subfield>
  </datafield>
  <datafield tag="020" ind1=" " ind2=" ">
    <subfield code="a">9586773361 (v. 3)</subfield>
  </datafield>
  <datafield tag="020" ind1=" " ind2=" ">
    <subfield code="a">9586773337 (v. 4)</subfield>
  </datafield>
  <datafield tag="020" ind1=" " ind2=" ">
    <subfield code="a">9586773353 (v. 5)</subfield>
  </datafield>
  <datafield tag="020" ind1=" " ind2=" ">
    <subfield code="a">9586773345 (v. 6)</subfield>
  </datafield>
  <datafield tag="040" ind1=" " ind2=" ">
    <subfield code="a">BPMSU</subfield>
    <subfield code="c">spa</subfield>
    <subfield code="d">BPMSU</subfield>
    <subfield code="d"> </subfield>
  </datafield>
  <datafield tag="082" ind1=" " ind2="4">
    <subfield code="a">R 036.1</subfield>
    <subfield code="b">B712c</subfield>
  </datafield>
  <datafield tag="100" ind1="1" ind2=" ">
    <subfield code="a">Bonet S&#xE1;nchez, Antonio</subfield>
  </datafield>
  <datafield tag="245" ind1="1" ind2="0">
    <subfield code="a">Consultor del estudiante explorer /</subfield>
    <subfield code="c">Antonio Bonet S&#xE1;nchez ; ilustraci&#xF3;n Carlos Blanco Ruiz, Marcela L&#xF3;pez Parada, Elisa Mariscal Vacas </subfield>
  </datafield>
  <datafield tag="250" ind1=" " ind2=" ">
    <subfield code="a">2da. reimpr.</subfield>
  </datafield>
  <datafield tag="260" ind1="0" ind2=" ">
    <subfield code="a">Bogot&#xE1;, Colombia :</subfield>
    <subfield code="b">Zamora editores,</subfield>
    <subfield code="c">2007.</subfield>
  </datafield>
  <datafield tag="300" ind1=" " ind2=" ">
    <subfield code="a">6v . :</subfield>
    <subfield code="b">il., </subfield>
    <subfield code="c">27 cm. +</subfield>
    <subfield code="e">CD-ROMM</subfield>
  </datafield>
  <datafield tag="505" ind1=" " ind2=" ">
    <subfield code="g">v. 1 --</subfield>
    <subfield code="t">Matem&#xE1;ticas I --</subfield>
    <subfield code="t">Matem&#xE1;ticas II --</subfield>
    <subfield code="t">Geometr&#xED;a --</subfield>
  </datafield>
  <datafield tag="505" ind1=" " ind2=" ">
    <subfield code="g">v. 2 --</subfield>
    <subfield code="t">&#xC1;lgebra --</subfield>
    <subfield code="t">F&#xED;sica --</subfield>
  </datafield>
  <datafield tag="505" ind1=" " ind2=" ">
    <subfield code="g">v. 3 --</subfield>
    <subfield code="t">Qu&#xED;mica --</subfield>
    <subfield code="t">Gram&#xE1;tica I --</subfield>
    <subfield code="t">Gram&#xE1;tica II --</subfield>
  </datafield>
  <datafield tag="505" ind1=" " ind2=" ">
    <subfield code="g">v. 4 --</subfield>
    <subfield code="t">Literatura --</subfield>
    <subfield code="t">Biolog&#xED;a I --</subfield>
    <subfield code="t">Biolog&#xED;a II --</subfield>
  </datafield>
  <datafield tag="505" ind1=" " ind2=" ">
    <subfield code="g">v. 5 --</subfield>
    <subfield code="t">Zoolog&#xED;a --</subfield>
    <subfield code="t">Inform&#xE1;tica --</subfield>
    <subfield code="t">Bot&#xE1;nica --</subfield>
  </datafield>
  <datafield tag="505" ind1=" " ind2=" ">
    <subfield code="g">v. 6 --</subfield>
    <subfield code="t">Metolog&#xED;a de estudio y de la investigaci&#xF3;n --</subfield>
    <subfield code="t">Geograf&#xED;a universal --</subfield>
  </datafield>
  <datafield tag="600" ind1=" " ind2=" ">
    <subfield code="a"> </subfield>
    <subfield code="x"> </subfield>
  </datafield>
  <datafield tag="650" ind1=" " ind2="4">
    <subfield code="a">ENCICLOP&#xC9;DIAS Y DICCIONARIOS ESPA&#xD1;OLES</subfield>
  </datafield>
  <datafield tag="700" ind1="1" ind2="2">
    <subfield code="a">Blanco Ruiz, Carlos</subfield>
    <subfield code="e">il.</subfield>
  </datafield>
  <datafield tag="700" ind1="1" ind2="2">
    <subfield code="a">L&#xF3;pez Parada, Marcela</subfield>
    <subfield code="e">il.</subfield>
  </datafield>
  <datafield tag="700" ind1="1" ind2="2">
    <subfield code="a">Mariscal Vacas, Elisa</subfield>
    <subfield code="e">il.</subfield>
  </datafield>
  <datafield tag="910" ind1=" " ind2=" ">
    <subfield code="a">Validado. Control de calidad MFF</subfield>
  </datafield>
  <datafield tag="942" ind1=" " ind2=" ">
    <subfield code="2">ddc</subfield>
    <subfield code="c">BK</subfield>
  </datafield>
  <datafield tag="945" ind1=" " ind2=" ">
    <subfield code="a">Invetariado / 2017 VM</subfield>
  </datafield>
  <datafield tag="952" ind1=" " ind2=" ">
    <subfield code="0">0</subfield>
    <subfield code="1">0</subfield>
    <subfield code="2">ddc</subfield>
    <subfield code="4">0</subfield>
    <subfield code="7">0</subfield>
    <subfield code="8">CR-G</subfield>
    <subfield code="a">BPMET</subfield>
    <subfield code="b">BPMET</subfield>
    <subfield code="d">2016-10-18</subfield>
    <subfield code="e">Compra</subfield>
    <subfield code="g">7000.00</subfield>
    <subfield code="l">0</subfield>
    <subfield code="o">R 036.1 B712c </subfield>
    <subfield code="p">BPMSU16100220</subfield>
    <subfield code="r">2016-10-18</subfield>
    <subfield code="t">v. 1, e. 2</subfield>
    <subfield code="w">2016-10-18</subfield>
    <subfield code="y">BK</subfield>
  </datafield>
  <datafield tag="952" ind1=" " ind2=" ">
    <subfield code="0">0</subfield>
    <subfield code="1">0</subfield>
    <subfield code="2">ddc</subfield>
    <subfield code="4">0</subfield>
    <subfield code="7">0</subfield>
    <subfield code="8">CR-G</subfield>
    <subfield code="a">BPMET</subfield>
    <subfield code="b">BPMET</subfield>
    <subfield code="d">2016-10-18</subfield>
    <subfield code="e">Compra</subfield>
    <subfield code="g">7000.00</subfield>
    <subfield code="l">0</subfield>
    <subfield code="o">R 036.1 B712c   </subfield>
    <subfield code="p">BPMSU16100221</subfield>
    <subfield code="r">2016-10-18</subfield>
    <subfield code="t">v. 1</subfield>
    <subfield code="w">2016-10-18</subfield>
    <subfield code="y">BK</subfield>
  </datafield>
  <datafield tag="952" ind1=" " ind2=" ">
    <subfield code="0">0</subfield>
    <subfield code="1">0</subfield>
    <subfield code="2">ddc</subfield>
    <subfield code="4">0</subfield>
    <subfield code="7">0</subfield>
    <subfield code="8">CR-G</subfield>
    <subfield code="a">BPMET</subfield>
    <subfield code="b">BPMET</subfield>
    <subfield code="d">2016-10-18</subfield>
    <subfield code="e">Compra</subfield>
    <subfield code="g">7000.00</subfield>
    <subfield code="l">0</subfield>
    <subfield code="o">R 036.1       B712c     </subfield>
    <subfield code="p">BPMSU16100222</subfield>
    <subfield code="r">2016-10-18</subfield>
    <subfield code="t">v. 2</subfield>
    <subfield code="w">2016-10-18</subfield>
    <subfield code="y">BK</subfield>
  </datafield>
  <datafield tag="952" ind1=" " ind2=" ">
    <subfield code="0">0</subfield>
    <subfield code="1">0</subfield>
    <subfield code="2">ddc</subfield>
    <subfield code="4">0</subfield>
    <subfield code="7">0</subfield>
    <subfield code="8">CR-G</subfield>
    <subfield code="a">BPMET</subfield>
    <subfield code="b">BPMET</subfield>
    <subfield code="d">2016-10-18</subfield>
    <subfield code="e">Compra</subfield>
    <subfield code="g">7000.00</subfield>
    <subfield code="l">0</subfield>
    <subfield code="o">R 036.1 B712c    </subfield>
    <subfield code="p">BPMSU16100223</subfield>
    <subfield code="r">2016-10-18</subfield>
    <subfield code="t"> v. 2. e. 2</subfield>
    <subfield code="w">2016-10-18</subfield>
    <subfield code="y">BK</subfield>
  </datafield>
  <datafield tag="952" ind1=" " ind2=" ">
    <subfield code="0">0</subfield>
    <subfield code="1">0</subfield>
    <subfield code="2">ddc</subfield>
    <subfield code="4">0</subfield>
    <subfield code="7">0</subfield>
    <subfield code="8">CR-G</subfield>
    <subfield code="a">BPMET</subfield>
    <subfield code="b">BPMET</subfield>
    <subfield code="d">2016-10-18</subfield>
    <subfield code="e">Compra</subfield>
    <subfield code="g">7000.00</subfield>
    <subfield code="l">0</subfield>
    <subfield code="o">R 036.1 B712c  v. 3</subfield>
    <subfield code="p">BPMSU16100224</subfield>
    <subfield code="r">2016-10-18</subfield>
    <subfield code="t">v. 3</subfield>
    <subfield code="w">2016-10-18</subfield>
    <subfield code="y">BK</subfield>
  </datafield>
  <datafield tag="952" ind1=" " ind2=" ">
    <subfield code="0">0</subfield>
    <subfield code="1">0</subfield>
    <subfield code="2">ddc</subfield>
    <subfield code="4">0</subfield>
    <subfield code="7">0</subfield>
    <subfield code="8">CR-G</subfield>
    <subfield code="a">BPMET</subfield>
    <subfield code="b">BPMET</subfield>
    <subfield code="d">2016-10-18</subfield>
    <subfield code="e">Compra</subfield>
    <subfield code="g">7000.00</subfield>
    <subfield code="l">0</subfield>
    <subfield code="o">R 036.1 B712c   v. 3</subfield>
    <subfield code="p">BPMSU16100225</subfield>
    <subfield code="r">2016-10-18</subfield>
    <subfield code="t">v. 3, e. 2</subfield>
    <subfield code="w">2016-10-18</subfield>
    <subfield code="y">BK</subfield>
  </datafield>
  <datafield tag="952" ind1=" " ind2=" ">
    <subfield code="0">0</subfield>
    <subfield code="1">0</subfield>
    <subfield code="2">ddc</subfield>
    <subfield code="4">0</subfield>
    <subfield code="7">0</subfield>
    <subfield code="8">CR-G</subfield>
    <subfield code="a">BPMET</subfield>
    <subfield code="b">BPMET</subfield>
    <subfield code="d">2016-10-18</subfield>
    <subfield code="e">Compra</subfield>
    <subfield code="g">7000.00</subfield>
    <subfield code="l">0</subfield>
    <subfield code="o">R 036.1   B712c    </subfield>
    <subfield code="p">BPMSU16100226</subfield>
    <subfield code="r">2016-10-18</subfield>
    <subfield code="t">v. 4</subfield>
    <subfield code="w">2016-10-18</subfield>
    <subfield code="y">BK</subfield>
  </datafield>
  <datafield tag="952" ind1=" " ind2=" ">
    <subfield code="0">0</subfield>
    <subfield code="1">0</subfield>
    <subfield code="2">ddc</subfield>
    <subfield code="4">0</subfield>
    <subfield code="7">0</subfield>
    <subfield code="8">CG</subfield>
    <subfield code="a">BPMET</subfield>
    <subfield code="b">BPMET</subfield>
    <subfield code="d">2016-10-18</subfield>
    <subfield code="e">Compra</subfield>
    <subfield code="g">7000.00</subfield>
    <subfield code="l">0</subfield>
    <subfield code="o">R 036.1 B712c    </subfield>
    <subfield code="p">BPMSU16100227</subfield>
    <subfield code="r">2016-10-18</subfield>
    <subfield code="t">v. 4, e. 2</subfield>
    <subfield code="w">2016-10-18</subfield>
    <subfield code="y">BK</subfield>
  </datafield>
  <datafield tag="952" ind1=" " ind2=" ">
    <subfield code="0">0</subfield>
    <subfield code="1">0</subfield>
    <subfield code="2">ddc</subfield>
    <subfield code="4">0</subfield>
    <subfield code="7">0</subfield>
    <subfield code="8">CR-G</subfield>
    <subfield code="a">BPMET</subfield>
    <subfield code="b">BPMET</subfield>
    <subfield code="d">2016-10-18</subfield>
    <subfield code="e">Compra</subfield>
    <subfield code="g">7000.00</subfield>
    <subfield code="l">0</subfield>
    <subfield code="o">R 036.1 B712c   </subfield>
    <subfield code="p">BPMSU16100228</subfield>
    <subfield code="r">2016-10-18</subfield>
    <subfield code="t">v. 5</subfield>
    <subfield code="w">2016-10-18</subfield>
    <subfield code="y">BK</subfield>
  </datafield>
  <datafield tag="952" ind1=" " ind2=" ">
    <subfield code="0">0</subfield>
    <subfield code="1">0</subfield>
    <subfield code="2">ddc</subfield>
    <subfield code="4">0</subfield>
    <subfield code="7">0</subfield>
    <subfield code="8">CR-G</subfield>
    <subfield code="a">BPMET</subfield>
    <subfield code="b">BPMET</subfield>
    <subfield code="d">2016-10-18</subfield>
    <subfield code="e">Compra</subfield>
    <subfield code="g">7000.00</subfield>
    <subfield code="l">0</subfield>
    <subfield code="o">R 036.1 B712c  v. 5</subfield>
    <subfield code="p">BPMSU16100229</subfield>
    <subfield code="r">2016-10-18</subfield>
    <subfield code="t">v. 5, e. 2</subfield>
    <subfield code="w">2016-10-18</subfield>
    <subfield code="y">BK</subfield>
  </datafield>
  <datafield tag="952" ind1=" " ind2=" ">
    <subfield code="0">0</subfield>
    <subfield code="1">0</subfield>
    <subfield code="2">ddc</subfield>
    <subfield code="4">0</subfield>
    <subfield code="7">0</subfield>
    <subfield code="8">CR-G</subfield>
    <subfield code="a">BPMET</subfield>
    <subfield code="b">BPMET</subfield>
    <subfield code="d">2016-10-18</subfield>
    <subfield code="e">Compra</subfield>
    <subfield code="g">7000.00</subfield>
    <subfield code="l">0</subfield>
    <subfield code="o">R 036.1 B712c  </subfield>
    <subfield code="p">BPMSU16100230</subfield>
    <subfield code="r">2016-10-18</subfield>
    <subfield code="t">v. 6</subfield>
    <subfield code="w">2016-10-18</subfield>
    <subfield code="y">BK</subfield>
  </datafield>
  <datafield tag="952" ind1=" " ind2=" ">
    <subfield code="0">0</subfield>
    <subfield code="1">0</subfield>
    <subfield code="2">ddc</subfield>
    <subfield code="4">0</subfield>
    <subfield code="7">0</subfield>
    <subfield code="8">CR-G</subfield>
    <subfield code="a">BPMET</subfield>
    <subfield code="b">BPMET</subfield>
    <subfield code="d">2016-10-18</subfield>
    <subfield code="e">Compra</subfield>
    <subfield code="g">7000.00</subfield>
    <subfield code="l">0</subfield>
    <subfield code="o">R 036.1 B712c    v. 6</subfield>
    <subfield code="p">BPMSU16100231</subfield>
    <subfield code="r">2016-10-18</subfield>
    <subfield code="t">v. 6, e. 2</subfield>
    <subfield code="w">2016-10-18</subfield>
    <subfield code="y">BK</subfield>
  </datafield>
  <datafield tag="952" ind1=" " ind2=" ">
    <subfield code="0">0</subfield>
    <subfield code="1">0</subfield>
    <subfield code="2">ddc</subfield>
    <subfield code="4">0</subfield>
    <subfield code="7">0</subfield>
    <subfield code="8">CR-G</subfield>
    <subfield code="a">BPMET</subfield>
    <subfield code="b">BPMET</subfield>
    <subfield code="d">2016-10-18</subfield>
    <subfield code="e">Compra</subfield>
    <subfield code="g">7000.00</subfield>
    <subfield code="l">0</subfield>
    <subfield code="o">BPMSU CGR R036.1 B712c 2007</subfield>
    <subfield code="p">BPMSU26020024</subfield>
    <subfield code="r">2026-02-03</subfield>
    <subfield code="t">v. 1, e.3</subfield>
    <subfield code="w">2016-10-18</subfield>
    <subfield code="y">BK</subfield>
  </datafield>
  <datafield tag="952" ind1=" " ind2=" ">
    <subfield code="0">0</subfield>
    <subfield code="1">0</subfield>
    <subfield code="2">ddc</subfield>
    <subfield code="4">0</subfield>
    <subfield code="7">0</subfield>
    <subfield code="8">CR-G</subfield>
    <subfield code="a">BPMET</subfield>
    <subfield code="b">BPMET</subfield>
    <subfield code="d">2016-10-18</subfield>
    <subfield code="e">Compra</subfield>
    <subfield code="g">7000.00</subfield>
    <subfield code="l">0</subfield>
    <subfield code="o">BPMSU CGR R036.1 B712c   2007</subfield>
    <subfield code="p">BPMSU26020025</subfield>
    <subfield code="r">2026-02-03</subfield>
    <subfield code="t">v.3, e.3</subfield>
    <subfield code="w">2016-10-18</subfield>
    <subfield code="y">BK</subfield>
  </datafield>
  <datafield tag="952" ind1=" " ind2=" ">
    <subfield code="0">0</subfield>
    <subfield code="1">0</subfield>
    <subfield code="2">ddc</subfield>
    <subfield code="4">0</subfield>
    <subfield code="7">0</subfield>
    <subfield code="8">CR-G</subfield>
    <subfield code="a">BPMET</subfield>
    <subfield code="b">BPMET</subfield>
    <subfield code="d">2016-10-18</subfield>
    <subfield code="e">Compra</subfield>
    <subfield code="g">7000.00</subfield>
    <subfield code="l">0</subfield>
    <subfield code="o">BPMSU CGR R036.1 B712c  2007 </subfield>
    <subfield code="p">BPMSU26020026</subfield>
    <subfield code="r">2026-02-03</subfield>
    <subfield code="t"> v. 2. e.3</subfield>
    <subfield code="w">2016-10-18</subfield>
    <subfield code="y">BK</subfield>
  </datafield>
  <datafield tag="952" ind1=" " ind2=" ">
    <subfield code="0">0</subfield>
    <subfield code="1">0</subfield>
    <subfield code="2">ddc</subfield>
    <subfield code="4">0</subfield>
    <subfield code="7">0</subfield>
    <subfield code="8">CG</subfield>
    <subfield code="a">BPMET</subfield>
    <subfield code="b">BPMET</subfield>
    <subfield code="d">2016-10-18</subfield>
    <subfield code="e">Compra</subfield>
    <subfield code="g">7000.00</subfield>
    <subfield code="l">0</subfield>
    <subfield code="o">BPMSU CGR R036.1 B712c  2007</subfield>
    <subfield code="p">BPMSU26020027</subfield>
    <subfield code="r">2026-02-03</subfield>
    <subfield code="t">v.4, e.3</subfield>
    <subfield code="w">2016-10-18</subfield>
    <subfield code="y">BK</subfield>
  </datafield>
  <datafield tag="952" ind1=" " ind2=" ">
    <subfield code="0">0</subfield>
    <subfield code="1">0</subfield>
    <subfield code="2">ddc</subfield>
    <subfield code="4">0</subfield>
    <subfield code="7">0</subfield>
    <subfield code="8">CR-G</subfield>
    <subfield code="a">BPMET</subfield>
    <subfield code="b">BPMET</subfield>
    <subfield code="d">2016-10-18</subfield>
    <subfield code="e">Compra</subfield>
    <subfield code="g">7000.00</subfield>
    <subfield code="l">0</subfield>
    <subfield code="o">BPMSU CGR R036.1 B712c   2007</subfield>
    <subfield code="p">BPMSU26020030</subfield>
    <subfield code="r">2026-02-03</subfield>
    <subfield code="t">v. 5, e.3</subfield>
    <subfield code="w">2016-10-18</subfield>
    <subfield code="y">BK</subfield>
  </datafield>
  <datafield tag="956" ind1=" " ind2=" ">
    <subfield code="2">YLOCKWARD</subfield>
    <subfield code="3">10</subfield>
    <subfield code="8">BPMSU</subfield>
  </datafield>
  <datafield tag="999" ind1=" " ind2=" ">
    <subfield code="c">11589</subfield>
    <subfield code="d">11589</subfield>
  </datafield>
</record>
